Not you - again! (Record no. 480767)

MARC details
000 -LEADER
fixed length control field 01599cam a2200397 a 4500
001 - CONTROL NUMBER
control field EDZ0000072225
003 - CONTROL NUMBER IDENTIFIER
control field StDuBDS
005 - DATE AND TIME OF LATEST TRANSACTION
control field 20161031105150.0
006 - FIXED-LENGTH DATA ELEMENTS--ADDITIONAL MATERIAL CHARACTERISTICS--GENERAL INFORMATION
fixed length control field m||||||||d||||||||
007 - PHYSICAL DESCRIPTION FIXED FIELD--GENERAL INFORMATION
fixed length control field cr |||||||||||
008 - FIXED-LENGTH DATA ELEMENTS--GENERAL INFORMATION
fixed length control field 120412s2007 enka fo| 000|0|eng d
020 ## - INTERNATIONAL STANDARD BOOK NUMBER
International Standard Book Number 9781446214114 (ebook) :
Terms of availability No price
040 ## - CATALOGING SOURCE
Original cataloging agency StDuBDS
Language of cataloging eng
Transcribing agency StDuBDS
Description conventions pn
049 ## - LOCAL HOLDINGS (OCLC)
Holding library Alfaisal Main Library
050 #4 - LIBRARY OF CONGRESS CALL NUMBER
Classification number BF637.B4
082 04 - DEWEY DECIMAL CLASSIFICATION NUMBER
Classification number 371.393
Edition number 23
100 1# - MAIN ENTRY--PERSONAL NAME
Personal name Wallace, Fiona.
245 10 - TITLE STATEMENT
Title Not you - again!
Medium [electronic resource] :
Remainder of title helping children improve playtime and lunch-time behaviour /
Statement of responsibility, etc Fiona Wallace, Diane Caesar.
250 ## - EDITION STATEMENT
Edition statement 2nd ed.
260 ## - PUBLICATION, DISTRIBUTION, ETC. (IMPRINT)
Place of publication, distribution, etc London :
Name of publisher, distributor, etc Paul Chapman,
Date of publication, distribution, etc 2007.
300 ## - PHYSICAL DESCRIPTION
Extent 1 online resource (112 p.) :
Other physical details ill.
500 ## - GENERAL NOTE
General note "A Lucky Duck book".
500 ## - GENERAL NOTE
General note Previous ed.: 1995.
520 8# - SUMMARY, ETC.
Summary, etc Designed for use in primary and special schools, this updated edition of Fiona Wallace and Diane Caesar's popular resource now provides teachers and other educational professionals with more than 80 worksheets to promote positive behaviour at breaktime.
521 ## - TARGET AUDIENCE NOTE
Target audience note Specialized.
588 ## -
-- Description based on print version record.
650 #0 - SUBJECT ADDED ENTRY--TOPICAL TERM
Topical term or geographic name as entry element Behavior modification.
650 #0 - SUBJECT ADDED ENTRY--TOPICAL TERM
Topical term or geographic name as entry element Social skills
General subdivision Study and teaching (Elementary)
650 #0 - SUBJECT ADDED ENTRY--TOPICAL TERM
Topical term or geographic name as entry element Self-control
General subdivision Study and teaching (Elementary)
655 #7 - INDEX TERM--GENRE/FORM
Genre/form data or focus term Electronic books.
Source of term local
700 1# - ADDED ENTRY--PERSONAL NAME
Personal name Caesar, Diane.
710 2# - ADDED ENTRY--CORPORATE NAME
Corporate name or jurisdiction name as entry element Sage eBooks
776 08 - ADDITIONAL PHYSICAL FORM ENTRY
Display text Print version :
International Standard Book Number 9781412928960
856 40 - ELECTRONIC LOCATION AND ACCESS
Uniform Resource Identifier <a href="http://ezproxy.alfaisal.edu/login?url=http://sk.sagepub.com/books/not-you-again-2e">http://ezproxy.alfaisal.edu/login?url=http://sk.sagepub.com/books/not-you-again-2e</a>
942 ## - ADDED ENTRY ELEMENTS (KOHA)
Source of classification or shelving scheme Library of Congress Classification
Koha item type eBooks

No items available.

Copyright © 2020 Alfaisal University Library. All Rights Reserved.
Tel: +966 11 2158948 Fax: +966 11 2157910 Email:
librarian@alfaisal.edu